000 00355nam a2200133Ia 4500
008 210430s9999 xx 000 0 und d
020 _a978-81-239-1489-3
082 _a672.2 T623 C
100 _aS.N.Tiwari
_954140
245 _aCast Iron Technology vol 1 /
_cS.N.Tiwari
260 _aNew Delhi
_bSatish kumar
_c2007
300 _a175p
942 _cBK
_2ddc
999 _c564614
_d564614